Tratado del dibujo y la pintura : con un apendice de los diversos caracteres de las escuelas antiguas y modernas /
Texto en el que se exponen las diferentes técnicas para la realización de obras pictóricas, donde el autor comienza con los utensilios a utilizar tanto en el dibujo a lápiz como en la pintura de frescos. El escrito no incluye imágenes que apoyen lo dicho y en un último capítulo se revisan las escuel...
Furkejuvvon:
| Váldodahkki: | |
|---|---|
| Materiálatiipa: | Girji |
| Giella: | espánnjágiella |
| Fáttát: | |
| Fáddágilkorat: |
Eai fáddágilkorat, Lasit vuosttaš fáddágilkora!
|
MARC
| LEADER | 00000nam^a2200000^a^4500 | ||
|---|---|---|---|
| 001 | 000379572 | ||
| 005 | 20250526000000.0 | ||
| 009 | 20260310120530.699 | ||
| 037 | |a Acervo Xavier Clavigero | ||
| 041 | |a ESP | ||
| 082 | |a 741. 2 |b GUT | ||
| 100 | |a Gutiérrez, Felipe Santiago |e (autor) | ||
| 245 | 1 | 0 | |a Tratado del dibujo y la pintura : |b con un apendice de los diversos caracteres de las escuelas antiguas y modernas / |c F.S. Gutiérrez. |
| 264 | |a México : |b Tipografía Literaria de Filomeno Mata, |c 1895, c1895 | ||
| 300 | |a IX, 283 p. ; |c 18.0 cm. | ||
| 336 | |a texto |b txt |2 rdacontenido | ||
| 337 | |a sin mediación |b n |2 rdamedio | ||
| 338 | |a volumen |b nc |2 rdasoporte | ||
| 520 | |a Texto en el que se exponen las diferentes técnicas para la realización de obras pictóricas, donde el autor comienza con los utensilios a utilizar tanto en el dibujo a lápiz como en la pintura de frescos. El escrito no incluye imágenes que apoyen lo dicho y en un último capítulo se revisan las escuelas de pintura instituidas anterior y durante la edad media. | ||
| 561 | |a Ex libris de Bibl. Magnopontanae Domus Scti. Ioseph. Prov. Mex. Sept. S.I | ||
| 649 | |a XX | ||
| 650 | |a Paisajes | ||
| 650 | |a Dibujo - |x Materiales y Equipo | ||
| 650 | |a Dibujo - |x Técnica - |x Tema Principal | ||
| 650 | |a Pintura - |x Materiales y Equipo | ||
| 650 | |a Pintura - |x Técnica - |x Tema Principal | ||
| 650 | |a Pintura - |x Historia y Crítica | ||
| 650 | |a Arte - |x Técnica | ||
| 910 | |a Fondo General | ||
| 920 | |a Impresos - Libros | ||
| 930 | |a Libros Antiguos y Raros | ||
| 905 | |a 108 | ||
| 901 | |a 0500274537 |b IT2 |c LRA |u 20250526 | ||
| 902 | |a https://opac.biblio.iteso.mx/vufind/Record/000379572 | ||